When Did They Live? #16 - Statistics

General Stats
  • This quiz has been taken 26 times
  • The average score is 7 of 10
Answer Stats
Name Description Answer % Correct
George Harrison Musician 1943–2001
100%
Ludwig van Beethoven Composer 1770–1827
92%
Benedict XVI Pope 1927–2022
92%
Mark Antony Politician 83–30 BC
80%
Edward Jenner Scientist 1749–1823
72%
Sacagawea Guide 1788–1812
72%
Vlad III Impaler 1431–1476
60%
John Stuart Mill Philosopher 1806–1873
56%
Leif Erikson Explorer 970–1025
56%
Xerxes the Great King of Kings 518–465 BC
44%
No matching quizzes found
Score Distribution
Percent of People with Each Score
Percentile by Number Answered
Your Score History
You have not taken this quiz